| 000 | 00658nam a2200217 a 4500 | ||
|---|---|---|---|
| 001 | 000023778 | ||
| 005 | 20260120073950.0 | ||
| 008 | 110113s2000 dr a 000 0 spa d | ||
| 020 | _a9993423084 | ||
| 040 |
_aDO-SdBNP _bspa _cBNPHU |
||
| 082 |
_a291.432 _bD542m |
||
| 100 | 1 |
_aDíaz, Gumersindo _948945 |
|
| 245 | 1 | 1 |
_aManantial : _bmeditaciones / _cGumersindo Díaz. |
| 260 |
_aSanto Domingo : _bAmigo del Hogar, _c2000. |
||
| 300 |
_a340 p. : _bils. ; _c22 cm. |
||
| 590 | _aInventariado, 2018/VM | ||
| 650 | 0 |
_aMeditaciones _95988 |
|
| 650 | 0 |
_aVida espiritual _9268 |
|
| 650 | 0 |
_aEducación religiosa _9682 |
|
| 910 | _aValidado. Control de calidad EMS | ||
| 999 |
_c23274 _d23274 |
||